00310nam a2200121Ia 4500008004100000020001500041050001500056245002200071260002500093260000900118300001600127500004500143160319s9999 xx 000 0 und d a9717915555 bR627n 2004 aNoli Me Tangere / bSIBS Pub. House Inc. c2004 a407 pages : a Salin at anotado ni Enedina G. Villegas